Veľtrhy ako festivaly zmyslov
Veľtrh ako nástroj komunikácie. Veľtrh ako multifunkčné médium. Veľtrh ako nástroj distribúcie. Veľtrh ako nástroj tvorby ceny. Význam veľtrhu, ktorý poukáže na vývoj trhu, na smer a tempo budúceho vývoja. Výstavný stánok reprezentuje firemnú identitu a môže byť vo forme a veľkosti dôležitým nástroj...
Gespeichert in:
| 1. Verfasser: | |
|---|---|
| Format: | Buchkapitel |
| Sprache: | Slowakisch |
| Schlagworte: | |
| Tags: |
Keine Tags, Fügen Sie das erste Tag hinzu!
|
MARC
| LEADER | 00000naa a2200000 4500 | ||
|---|---|---|---|
| 001 | r044973 | ||
| 005 | 20231003075729.1 | ||
| 041 | 0 | |a slo | |
| 044 | |a SK | ||
| 245 | 1 | 0 | |a Veľtrhy ako festivaly zmyslov |c Marek Baluška |
| 520 | |a Veľtrh ako nástroj komunikácie. Veľtrh ako multifunkčné médium. Veľtrh ako nástroj distribúcie. Veľtrh ako nástroj tvorby ceny. Význam veľtrhu, ktorý poukáže na vývoj trhu, na smer a tempo budúceho vývoja. Výstavný stánok reprezentuje firemnú identitu a môže byť vo forme a veľkosti dôležitým nástrojom profilácie v konkurencii. | ||
| 610 | 2 | 0 | |a veľtrhy |
| 610 | 2 | 0 | |a výstavy |
| 610 | 2 | 0 | |a komunikácia |
| 610 | 2 | 0 | |a firmy |
| 610 | 2 | 0 | |a identita podniková |
| 610 | 2 | 0 | |a nástroje marketingové |
| 610 | 2 | 0 | |a odbyt |
| 610 | 2 | 0 | |a konkurencia |
| 100 | 1 | |a Baluška, Marek | |